5-Letter Capitals Quiz Stats

 Plays Quiz Updated Sep 12, 2018

Score 0/21 Timer 09:00
2 Plays Today
City % Correct
Paris
92.4%
Tokyo
77%
Cairo
73.4%
Seoul
60.7%
Quito
59.1%
Tunis
56.6%
Minsk
53.1%
Rabat
52.8%
Hanoi
52.4%
Accra
50.9%
La Paz
50.2%
City % Correct
Dhaka
48.1%
Dakar
48%
Sofia
48%
Amman
47.7%
Vaduz
46.9%
Abuja
46.2%
Kabul
46%
Sana'a
43.3%
Praia
35.2%
Yaren
31.8%

You're not logged in!

Compare scores with friends on all Sporcle quizzes.
OR
Log In

Sporcle TV

Today on Sporcle TV


Watch our educational content, quiz creation guides, and fun videos on Sporcle TV.

Show Comments

Extras

Top Quizzes Today


Score Distribution

Your Account Isn't Verified!

In order to create a playlist on Sporcle, you need to verify the email address you used during registration. Go to your Sporcle Settings to finish the process.

Report this User

Report this user for behavior that violates our Community Guidelines.

Details: